000 00856nam a2200205 a 4500
003 0
005 20250415084053.0
008 970101s19uu xx 00 eng d
050 _aPGS RA 569.3
_b.G643 2004
100 _aGonzales, Ivana Talya C.
245 _aPerception of grade six students of Southville International School and Colleges on the effects of cellphones on their health /
_cIvana Talya C. Gonzales.
260 _aLas PiƱas City, Philippines :
_bSouthville International School and Colleges,
_c2004.
300 _a17 pages :
_bcolored illustrations ;
_c28 cm.
504 _aIncludes bibliographical references.
650 _aCell phones and children.
650 _aChildren
_vUse of mobile devices.
650 _aHealth
_vEffect of technology on children.
650 _aMobile communication systems
_vHealth aspects.
942 _2lcc
_cPASS
999 _c96984
_d96984